K'S FIRST CASE /

Gorde:
Xehetasun bibliografikoak
Egile nagusia: Alexander, L.G (autor)
Formatua: Liburua
Saila:LONGMAN ORIGINALS ; 2
Gaiak:
Etiketak: Etiketa erantsi
Etiketarik gabe, Izan zaitez lehena erregistro honi etiketa jartzen!

MARC

LEADER 00000nam^a2200000^a^4500
001 000245854
005 20250521000000.0
009 20260310105516.61
020 |a 0-582-07496-7 
035 |a 040185 
037 |a Acervo Xavier Clavigero 
082 |a 428. 64  |b ALE 
100 |a Alexander, L.G.  |e (autor) 
245 1 0 |a K'S FIRST CASE /  |c LG ALEXANDER 
264 |a HONG KONG :  |b LONGMAN,  |c 1975 
300 |a 62 p. :  |b il. 
336 |a texto  |b txt  |2 rdacontenido 
337 |a sin mediación  |b n  |2 rdamedio 
338 |a volumen  |b nc  |2 rdasoporte 
440 |a LONGMAN ORIGINALS ;  |v 2 
649 |a XX 
650 |a INGLES -  |x CRESTOMATIAS Y LECTURAS 
650 |a Inglés -  |x Estudio y Enseñanza 
910 |a Fondo General 
920 |a Impresos - Libros 
930 |a Colección General 
905 |a 101 
901 |a 040185  |b IT1  |c ACC  |i 040185  |u 20250521 
902 |a https://opac.biblio.iteso.mx/vufind/Record/000245854